Overhead deployment of telecommunications cables (Record no. 110035)
[ view plain ]
| 000 -LEADER | |
|---|---|
| fixed length control field | 01491cad a22002415a 4500 |
| 001 - CONTROL NUMBER | |
| control field | L148410 |
| 008 - FIXED-LENGTH DATA ELEMENTS--GENERAL INFORMATION | |
| fixed length control field | 090915s2009 xxkd f f000 0 eng d |
| 035 ## - SYSTEM CONTROL NUMBER | |
| System control number | (Sirsi) u148410 |
| 041 0# - LANGUAGE CODE | |
| Language code of text/sound track or separate title | eng |
| 050 04 - LIBRARY OF CONGRESS CALL NUMBER | |
| Classification number | 343.410994 $2 18 |
| 110 2# - MAIN ENTRY--CORPORATE NAME | |
| Corporate name or jurisdiction name as entry element | United Kingdom |
| Subordinate unit | Department for Business, Innovation and Skills |
| 9 (RLIN) | 5760 |
| 245 00 - TITLE STATEMENT | |
| Title | Overhead deployment of telecommunications cables |
| Remainder of title | a consultation on whether it is appropriate to amend the Electronics Communications Code |
| Medium | [electronic resource] |
| 260 ## - PUBLICATION, DISTRIBUTION, ETC. | |
| Place of publication, distribution, etc. | London |
| Name of publisher, distributor, etc. | BIS |
| Date of publication, distribution, etc. | 2009 |
| 505 2# - FORMATTED CONTENTS NOTE | |
| Formatted contents note | Executive summary -- How to respond -- Confidentiality and data protection -- Help with queries -- The Electronic Communications Code -- The proposal -- Cost and benefits -- Key issues -- Impact assessment -- What happens next |
| 520 ## - SUMMARY, ETC. | |
| Summary, etc. | Consultation examines whether it is appropriate to relax restrictions of the Electronic Communications Code on overhead deployment of communications cables to allow next generation super fast broadband in areas which might not otherwise be covered by these services. This would permit cheaper methods of providing Next Generation Access than using underground cables. |
| 520 ## - SUMMARY, ETC. | |
| Summary, etc. | Deadline for comments is 27 November 2009. |
| 521 ## - TARGET AUDIENCE NOTE | |
| Target audience note | Advanced |
| 590 ## - LOCAL NOTE (RLIN) | |
| Local note | KA NTK |
| 651 #4 - SUBJECT ADDED ENTRY--GEOGRAPHIC NAME | |
| Geographic name | United Kingdom |
| Chronological subdivision | |
| 690 ## - LOCAL SUBJECT ADDED ENTRY--TOPICAL TERM (OCLC, RLIN) | |
| Topical term or geographic name as entry element | PROPERTY-INFRASTRUCTURE-TELECOMMUNICATIONS INFRASTRUCTURE |
| 856 40 - ELECTRONIC LOCATION AND ACCESS | |
| Uniform Resource Identifier | <a href="https://www.berr.gov.uk/files/file52419.pdf">https://www.berr.gov.uk/files/file52419.pdf</a> |
| Public note | View the consultation free of charge at www.berr.gov.uk... |
| 942 ## - ADDED ENTRY ELEMENTS (KOHA) | |
| Suppress in OPAC | 0 |
| Withdrawn status | Lost status | Source of classification or shelving scheme | Damaged status | Not for loan | Home library | Current library | Shelving location | Date acquired | Total Checkouts | Full call number | Barcode | Date last seen | Copy number | Price effective from | Koha item type |
|---|---|---|---|---|---|---|---|---|---|---|---|---|---|---|---|
| Dewey Decimal Classification | Virtual | Virtual | Online | 15/09/2009 | ONLINE PUBLICATION | 148410-2001 | 06/08/2019 | 1 | 06/08/2019 | Book |